| 000 | 00520nam a2200205 a 4500 | ||
|---|---|---|---|
| 001 | 82741 | ||
| 003 | BD-RjUL | ||
| 005 | 20240123122703.0 | ||
| 008 | 240123s1946 enk||||| |||| 00| 0 eng d | ||
| 035 | _a(BD-RjUL)82741 | ||
| 040 |
_aBD-RjUL _beng _cBD-RjUL |
||
| 041 | _aeng | ||
| 082 |
_223 _a823 _bVOG 1946 |
||
| 100 |
_aVolk, Gordon _911051 |
||
| 245 |
_aGold out of China / _cGordon Volk |
||
| 260 |
_aLondon : _bS. Paul, _c[1946?] |
||
| 300 |
_a167 pages; _c19 cm. |
||
| 650 | _aEnglish Fiction | ||
| 942 |
_2ddc _cBK |
||
| 999 |
_c82741 _d82741 |
||